书目信息 |
| 题名: |
基于MATLAB的通信系统仿真
|
|
| 作者: | 赵静 , 张瑾 , 高新科 编著 | |
| 分册: | ||
| 出版信息: | 北京 北京航空航天大学出版社 2007 |
|
| 页数: | 162页 | |
| 开本: | 23cm | |
| 丛书名: | ||
| 单 册: | ||
| 中图分类: | TN914 , TP312MA | |
| 科图分类: | ||
| 主题词: | 算法语言--应用--通信系统--系统仿真--高等学校--教材 , 算法语言 , 通信系统 , 系统仿真 | |
| 电子资源: | ||
| ISBN: | 978-7-81124-152-5 | |
| 000 | 01137nam0 2200325 45 | |
| 001 | 1237506684 | |
| 005 | 20120615093118.87 | |
| 010 | @a978-7-81124-152-5@dCNY18.00 | |
| 100 | @a20080612d2007 em y0chiy0110 ea | |
| 101 | 0 | @achi |
| 102 | @aCN@b110000 | |
| 105 | @ay z 000yy | |
| 106 | @ar | |
| 200 | 1 | @a基于MATLAB的通信系统仿真@AJi Yu MATLAB De Tong Xin Xi Tong Fang Zhen@f赵静,张瑾,高新科编著@FZhao Jing, Zhang Jin, Gao Xin Ke Bian Zhu |
| 210 | @a北京@c北京航空航天大学出版社@d2007 | |
| 215 | @a162页@d23cm | |
| 300 | @a普通高校“十一五”规划教材 | |
| 330 | @a本书包括MATLAB语言基础、Simulink仿真基础、信号系统分析基础、模拟信号的数字传输、数字信号基带传输、载波调制的数字传输等内容。 | |
| 606 | 0 | @a算法语言@x应用@x通信系统@x系统仿真@x高等学校@j教材 |
| 606 | 0 | @a算法语言 |
| 606 | 0 | @a通信系统 |
| 606 | 0 | @a系统仿真 |
| 610 | 0 | @aMATLAB |
| 690 | @aTN914@v4 | |
| 690 | @aTP312MA@v4 | |
| 701 | 0 | @a赵静@AZhao Jing@c(女,@f1981~)@4编著 |
| 701 | 0 | @a张瑾@AZhang Jin@c(通信工程)@4编著 |
| 701 | 0 | @a高新科@AGao Xin Ke@f(1970.6~)@4编著 |
| 801 | 0 | @aCN@bTSTCL@c20120605 |
| 905 | @b0815942-46@dTN914@e98@f5 | |
| 基于MATLAB的通信系统仿真/赵静,张瑾,高新科编著.-北京:北京航空航天大学出版社,2007 |
| 162页;23cm |
| 普通高校“十一五”规划教材 |
| ISBN 978-7-81124-152-5:CNY18.00 |
| 本书包括MATLAB语言基础、Simulink仿真基础、信号系统分析基础、模拟信号的数字传输、数字信号基带传输、载波调制的数字传输等内容。 |
| ● |
| 相关链接 |
|
|
|
|
正题名:基于MATLAB的通信系统仿真
索取号:TN914/98
 
预约/预借
| 序号 | 登录号 | 条形码 | 馆藏地/架位号 | 状态 | 备注 |
| 1 | 0815942 | 208159428 | 第二样本阅览室/ [索取号:TN914/98] | 在馆 | |
| 2 | 0815943 | 208159437 | 第三借阅区/ [索取号:TN914/98] | 在馆 | |
| 3 | 0815944 | 208159446 | 第三借阅区/ [索取号:TN914/98] | 在馆 | |
| 4 | 0815945 | 208159455 | 第三借阅区/ [索取号:TN914/98] | 在馆 | |
| 5 | 0815946 | 208159464 | 第三借阅区/ [索取号:TN914/98] | 在馆 |